000 00298nam a2200121Ia 4500
008 220204s9999 xx 000 0 und d
082 _a657.6
_bBIG;1
100 _aWalter W
245 0 _aSpicer and Pegler's practical auditing
260 _aBombay
_bAllied
_c1975
650 _aAuditing
942 _cBK
999 _c21844
_d21844